Countries The Pointer Sisters have Visited - Statistics

General Stats
  • This quiz has been taken 14 times
  • The average score is 12 of 14
Answer Stats
Continent Country % Correct
Oceania Australia
100%
North America Canada
100%
Europe Germany
100%
Oceania New Zealand
100%
North America United States of America
100%
Europe France
92%
Europe United Kingdom
92%
Europe Denmark
85%
Europe Netherlands
85%
Europe Sweden
85%
Europe Belgium
69%
Europe Switzerland
69%
Asia Thailand
69%
Europe Luxembourg
62%
No matching quizzes found
Score Distribution
Percent of People with Each Score
Percentile by Number Answered
Your Score History
You have not taken this quiz